Ekonomický rast a štruktúra ekonomiky vedecký monografický zborník : vedecké state z riešenia projektov VEGA 1/0421/11 a VEGA 1/0795/12

Na minha lista:
Detalhes bibliográficos
Autor Corporativo: Národohospodárska fakulta EU. Katedra hospodárskej politiky
Outros Autores: Fifeková, Elena, Luchava Havettová, Miroslava, Nemcová, Edita, Hošták, Martin
Formato: Livro
Idioma:eslovaco
Publicado em: Bratislava Vydavateľstvo EKONÓM 2012
Assuntos:
Tags: Adicionar Tag
Sem tags, seja o primeiro a adicionar uma tag!

MARC

LEADER 00000nlm a2200000 4500
001 0164114
005 20250815114153.6
020 |a 978-80-225-3567-0 
041 0 |a slo 
044 |a SK 
245 1 0 |a Ekonomický rast a štruktúra ekonomiky  |b vedecký monografický zborník : vedecké state z riešenia projektov VEGA 1/0421/11 a VEGA 1/0795/12  |c zostavili Elena Fifeková, Miroslava Luchava Havettová ; recenzenti: Edita Nemcová, Martin Hošták 
264 1 |a Bratislava  |b Vydavateľstvo EKONÓM  |c 2012 
300 |a CD-ROM [110 s.] 
610 2 0 |a politika hospodárska 
610 2 0 |a rast hospodársky dlhodobý 
610 2 0 |a štruktúra ekonomická 
700 1 |a Fifeková, Elena 
700 1 |a Luchava Havettová, Miroslava 
700 1 |a Nemcová, Edita 
700 1 |a Hošták, Martin 
710 2 |a Národohospodárska fakulta EU. Katedra hospodárskej politiky